Country Ending- A - Statistics

General Stats
  • This quiz has been taken 202 times
    180 since last reset
  • The average score is 59 of 74
Answer Stats
Hint Answer % Correct
Z Zambia
91%
A Algeria
89%
C Canada
88%
L Lithuania
88%
V Venezuela
88%
A Argentina
87%
L Latvia
87%
T Tanzania
87%
A Angola
86%
A Austria
86%
E Estonia
86%
G Ghana
86%
K Kenya
86%
L Libya
86%
A Albania
85%
N Namibia
85%
N Nigeria
85%
U Uganda
85%
A Andorra
84%
B Botswana
84%
E Ethiopia
84%
I India
84%
J Jamaica
84%
N,K North Korea
84%
A Armenia
83%
C Cuba
83%
G Guinea
83%
L Liberia
83%
R Romania
83%
R Russia
83%
R Rwanda
83%
S Slovakia
83%
S Somalia
83%
S,K South Korea
83%
B Bulgaria
82%
E Eritrea
82%
G Gambia
82%
S Slovenia
82%
B Bolivia
81%
C China
81%
A Antigua and Barbuda
80%
C Columbia
80%
D Dominica
80%
G Guatemala
80%
I Indonesia
80%
M Malta
80%
M Mauritania
80%
M Moldova
80%
S Serbia
80%
C Croatia
79%
N Nicaragua
79%
P Panama
79%
A Australia
77%
C Costa Rica
77%
G Guyana
77%
M Malaysia
77%
G Georgia
76%
G Grenada
76%
C Cambodia
75%
S South Africa
75%
T Tonga
75%
U USA
74%
B Bosnia and Herzegovina
72%
E Equatorial Guinea
71%
M Micronesia
71%
T Tunisia
71%
M Mongolia
70%
S Syria
70%
M Macedonia
69%
S Samoa
69%
S Saudi Arabia
68%
S Sri Lanka
67%
S Saint Lucia
65%
P Papua New Guinea
29%
No matching quizzes found
Score Distribution
Percent of People with Each Score
Percentile by Number Answered
Your Score History
You have not taken this quiz since the last reset